[Event "OLNO 2324 SK König Tegel - TSG OberschÃ"]
[Site "?"]
[Date "2024.04.28"]
[Round "9.4"]
[White "Richter, Michael"]
[Black "Jauk, Wilhelm"]
[Result "1-0"]
[WhiteElo "2430"]
[BlackElo "2146"]
[PlyCount "61"]
[EventDate "2024.??.??"]

1. d4 Nf6 2. c4 e6 3. g3 d5 4. Bg2 Be7 5. Nf3 O-O 6. O-O b6 7. cxd5 exd5 8. Nc3 Bb7 9. Bf4 Nbd7 10. Rc1 c5 11. Ne5 Rc8 12. dxc5 Nxc5 13. Nb5 Ne6 14. Rxc8 Qxc8 15. Nd4 Nxf4 16. gxf4 Ne4 17. Qd3 g6 18. Qe3 Bd6 19. Rc1 Qe8 20. Bh3 Bxe5 21. fxe5 Qxe5 22. f3 Qg5+ 23. Qxg5 Nxg5 24. Bd7 h5 25. Rc7 Rb8 26. Kf2 a6 27. h4 Nh7 28. Bc6 Ba8 29. Ra7 Bxc6 30. Nxc6 Rd8 31. Nxd8 1-0

[Event "OLNO 2324 SK König Tegel - TSG OberschÃ"]
[Site "?"]
[Date "2024.04.28"]
[Round "9.5"]
[White "Hommel, Niclas"]
[Black "Von Herman, Ulf"]
[Result "1-0"]
[WhiteElo "2091"]
[BlackElo "2304"]
[PlyCount "143"]
[EventDate "2024.??.??"]

1. e4 g6 2. d4 Bg7 3. Nc3 d6 4. Be3 a6 5. a4 Nf6 6. f3 Nc6 7. Bc4 e6 8. Qd2 d5 9. Be2 dxe4 10. fxe4 O-O 11. e5 Nd5 12. Bg5 f6 13. exf6 Bxf6 14. Bxf6 Qxf6 15. Nf3 Qf4 16. Qxf4 Nxf4 17. O-O Nb4 18. Bd1 Bd7 19. Ne4 Bc6 20. Re1 Rad8 21. g3 Nh5 22. Ra3 Ng7 23. Neg5 Bd5 24. Ne5 h6 25. Ne4 Kh7 26. c3 Nc6 27. Nxc6 Bxc6 28. Nc5 a5 29. Ra1 Bd5 30. Bg4 Rfe8 31. Re5 b6 32. Nd3 Bc4 33. Nf2 Bd5 34. Rae1 h5 35. Bd1 Kh6 36. Bc2 Rf8 37. Nd3 g5 38. Nf2 Rf6 39. Ne4 Bxe4 40. Bxe4 Rd6 41. Bc2 c6 42. Be4 Ne8 43. Re2 Ng7 44. Rf2 Ne8 45. h3 Rxf2 46. Kxf2 Nf6 47. Bc2 Nd7 48. Re4 Kg7 49. Ke3 Kf6 50. Bd1 Kg6 51. Bb3 Kf6 52. h4 gxh4 53. Rxh4 Kg5 54. Re4 Kf6 55. Kf4 c5 56. Ke3 e5 57. Bd1 exd4+ 58. cxd4 Kg5 59. Bf3 Kg6 60. Rh4 cxd4+ 61. Rxd4 Rxd4 62. Kxd4 Nc5 63. Bc6 Kg5 64. Kc4 Kg4 65. Kb5 Nd3 66. b3 Kxg3 67. Kxb6 h4 68. Kxa5 h3 69. Kb5 Ne5 70. Bh1 Kh2 71. Be4 Kg3 72. a5 1-0

[Event "OLNO 2324 SK König Tegel - TSG OberschÃ"]
[Site "?"]
[Date "2024.04.28"]
[Round "9.6"]
[White "Acikel, Mert"]
[Black "Boewer, Roland"]
[Result "0-1"]
[WhiteElo "2244"]
[BlackElo "2184"]
[PlyCount "156"]
[EventDate "2024.??.??"]

1. e4 c5 2. Nf3 e6 3. d4 cxd4 4. Nxd4 a6 5. c4 Nc6 6. Nxc6 dxc6 7. Qxd8+ Kxd8 8. Bf4 Bb4+ 9. Nc3 Bxc3+ 10. bxc3 Nf6 11. e5 Nd7 12. h4 b6 13. Rh3 Bb7 14. Rg3 g6 15. Rd1 Kc7 16. Rgd3 Nc5 17. Rf3 h6 18. h5 Raf8 19. Be3 Nd7 20. hxg6 fxg6 21. Rxf8 Nxf8 22. c5 b5 23. Bd3 Bc8 24. Ke2 Bd7 25. Rh1 h5 26. a4 Be8 27. axb5 axb5 28. Ra1 Kb7 29. c4 bxc4 30. Bxc4 Rh7 31. Rb1+ Ka7 32. Bg5 Nd7 33. Bxe6 Nxe5 34. Bd8 Bd7 35. Bb3 Bf5 36. Ra1+ Kb8 37. Bf6 Ng4 38. Bg5 Rb7 39. Ra3 Ne5 40. Bf4 Re7 41. Bc4 g5 42. Rb3+ Ka8 43. Bxg5 Ra7 44. Rb4 Nxc4 45. Rxc4 Rg7 46. f4 Rd7 47. Rb4 Ka7 48. Rb3 Ka6 49. Rb6+ Ka5 50. Rxc6 Kb5 51. Rf6 Bg4+ 52. Ke3 Kxc5 53. Ra6 Kd5 54. Ra5+ Ke6 55. Re5+ Kf7 56. f5 Ra7 57. Bh4 Ra2 58. Kf4 Rxg2 59. Re7+ Kf8 60. f6 Re2 61. Ra7 Rd2 62. Bg5 Rd7 63. Ra8+ Kf7 64. Rh8 Ke6 65. Re8+ Kf7 66. Ra8 Ke6 67. Ra6+ Kf7 68. Bh4 Rd5 69. Ra7+ Rd7 70. Ra8 Rd5 71. Rh8 Ke6 72. Re8+ Kf7 73. Re7+ Kf8 74. Bg5 Rf5+ 75. Ke4 Rxg5 76. Rh7 Bf5+ 77. Kf4 Bxh7 78. Kxg5 Bg6 0-1

[Event "OLNO 2324 SK König Tegel - TSG OberschÃ"]
[Site "?"]
[Date "2024.04.28"]
[Round "9.7"]
[White "Nguyen, Phuc Nhat"]
[Black "Jahnz, Fabian"]
[Result "1/2-1/2"]
[WhiteElo "1911"]
[BlackElo "2287"]
[PlyCount "71"]
[EventDate "2024.??.??"]

1. e4 c6 2. d4 d5 3. e5 Bf5 4. g4 Be4 5. f3 Bg6 6. h4 h5 7. e6 fxe6 8. Bd3 Bxd3 9. Qxd3 Qd6 10. Ne2 Nd7 11. Bf4 e5 12. dxe5 Nxe5 13. Qc3 d4 14. Qb3 O-O-O 15. Nd2 Qd5 16. Qxd5 Rxd5 17. Nxd4 Ng6 18. Ne6 Kd7 19. Nxf8+ Nxf8 20. g5 Ng6 21. Be3 b6 22. c4 Rf5 23. Ke2 Kc7 24. a4 e6 25. a5 Rxa5 26. Rxa5 bxa5 27. Ra1 Nxh4 28. Rxa5 Nf5 29. Rxa7+ Kb8 30. Ra1 Nxe3 31. Kxe3 Ne7 32. Ne4 Nf5+ 33. Kf2 Rd8 34. Ra6 Kc7 35. Ra7+ Kb8 36. Ra6 1/2-1/2

[Event "OLNO 2324 SK König Tegel - TSG OberschÃ"]
[Site "?"]
[Date "2024.04.28"]
[Round "9.8"]
[White "Jahnz, Laurin"]
[Black "Bongardt, Livius"]
[Result "1-0"]
[WhiteElo "2065"]
[BlackElo "1897"]
[PlyCount "103"]
[EventDate "2024.??.??"]

1. e4 e5 2. Nf3 Nc6 3. Bc4 Nf6 4. d3 Be7 5. O-O O-O 6. Nc3 d6 7. a4 Kh8 8. h3 Ng8 9. d4 f5 10. dxe5 fxe4 11. Nxe4 Rxf3 12. exd6 cxd6 13. Bxg8 Rxh3 14. gxh3 Qxg8 15. Re1 Bxh3 16. Kh2 Bf5 17. Ng3 Rf8 18. Ra3 Qc4 19. Rf3 Bxc2 20. Rxe7 Rd8 21. Qe2 Qh4+ 22. Kg2 Qxe7 23. Qxe7 Nxe7 24. Bg5 Bxa4 25. Bxe7 Re8 26. Rf8+ Rxf8 27. Bxf8 Bc6+ 28. Kf1 d5 29. Bc5 a6 30. Bd4 Kg8 31. Nf5 g6 32. Nh6+ Kf8 33. Ke2 Ke7 34. Ke3 Bb5 35. Kf4 Ke6 36. Kg5 Bd3 37. Ng4 Bb1 38. Ne3 h5 39. f4 Be4 40. Nd1 Bd3 41. Nc3 Bc2 42. Ne2 Bd3 43. Ng3 Kf7 44. Nh1 Ke6 45. Nf2 Bf5 46. Nd1 Bd3 47. Ne3 Kd6 48. Ng2 Ke6 49. Nh4 Kf7 50. Nf3 Bf5 51. Ne5+ Ke8 52. Nxg6 1-0

[Event "OLNO 2324 Mattnetz Berlin - SF Berlin II"]
[Site "?"]
[Date "2024.04.28"]
[Round "9.1"]
[White "Florstedt, Johannes"]
[Black "Hesse, Henrik"]
[Result "1-0"]
[WhiteElo "2343"]
[BlackElo "2303"]
[PlyCount "45"]
[EventDate "2024.??.??"]

1. e4 c5 2. Nf3 e6 3. c3 Nc6 4. d4 cxd4 5. cxd4 d5 6. e5 Nge7 7. Na3 Nf5 8. Nc2 Be7 9. Bd3 O-O 10. g4 Nh4 11. Nxh4 Bxh4 12. g5 Bxg5 13. Qh5 h6 14. Rg1 Bxc1 15. Rxc1 f5 16. Kd2 Rf7 17. Qxh6 Qb6 18. Qh4 Bd7 19. Rg5 Re7 20. Rcg1 Be8 21. R1g3 g6 22. Rh5 Rg7 23. Rh8+ 1-0

[Event "OLNO 2324 Mattnetz Berlin - SF Berlin II"]
[Site "?"]
[Date "2024.04.28"]
[Round "9.2"]
[White "Tscheuschner, Georg"]
[Black "Ahmadinia, Ebrahim"]
[Result "1-0"]
[WhiteElo "2256"]
[BlackElo "2440"]
[PlyCount "125"]
[EventDate "2024.??.??"]

1. Nf3 g6 2. c4 Bg7 3. d4 d6 4. Nc3 Nf6 5. g3 O-O 6. Bg2 c5 7. O-O Nc6 8. dxc5 dxc5 9. Bf4 Nh5 10. Be3 b6 11. Qc1 Bb7 12. Bh6 f6 13. Rd1 Qe8 14. Nh4 Rd8 15. Qe3 Bxh6 16. Qxh6 Ng7 17. Be4 Rxd1+ 18. Rxd1 Na5 19. Nd5 e6 20. Nxg6 exd5 21. Bxd5+ Bxd5 22. Nxf8 Qxf8 23. cxd5 Nc4 24. b3 Nd6 25. Qf4 Ngf5 26. e4 Nd4 27. Kg2 Qe7 28. Re1 Nc2 29. Re2 Nd4 30. Re1 Nf7 31. Qg4+ Kf8 32. Qc8+ Kg7 33. Qg4+ Kf8 34. Qc8+ Qe8 35. Qxe8+ Kxe8 36. f4 Ke7 37. g4 b5 38. Kf2 Kd6 39. h4 h6 40. Rg1 a5 41. g5 hxg5 42. hxg5 fxg5 43. fxg5 Ke7 44. g6 Nh6 45. e5 Kf8 46. Ke3 Kg7 47. Ke4 Ne2 48. d6 Nc3+ 49. Kd3 Nxa2 50. d7 Nb4+ 51. Ke4 Nc6 52. Kd5 Nd8 53. Rf1 c4 54. bxc4 bxc4 55. e6 Ng8 56. Kd6 Nb7+ 57. Kc7 Nc5 58. e7 Nxe7 59. Rf7+ Kxg6 60. Rxe7 Nxd7 61. Rxd7 Kf5 62. Rd4 c3 63. Rc4 1-0

[Event "OLNO 2324 Mattnetz Berlin - SF Berlin II"]
[Site "?"]
[Date "2024.04.28"]
[Round "9.3"]
[White "Lauber, Arnd"]
[Black "Bui, Bao Anh Le"]
[Result "1-0"]
[WhiteElo "2408"]
[BlackElo "2129"]
[PlyCount "89"]
[EventDate "2024.??.??"]

1. d4 d5 2. Nf3 Nf6 3. g3 e6 4. Bg2 Be7 5. O-O O-O 6. c4 c6 7. Qc2 b6 8. b3 Bb7 9. Rd1 Nbd7 10. Nc3 Qc8 11. e4 dxe4 12. Ng5 h6 13. Ngxe4 Nxe4 14. Nxe4 Nf6 15. c5 Nxe4 16. Bxe4 Rd8 17. Bf4 Rd7 18. Rac1 Qd8 19. b4 b5 20. Qc3 a5 21. a3 a4 22. h4 Bf6 23. Bd6 Be7 24. Be5 Bf6 25. Qf3 Rc8 26. Bc2 Rd5 27. Qe4 g6 28. h5 Bxe5 29. dxe5 Qg5 30. hxg6 fxg6 31. Rxd5 cxd5 32. Qxg6+ Qxg6 33. Bxg6 Bc6 34. f4 Rf8 35. Kf2 Kg7 36. Bd3 Rb8 37. g4 Rf8 38. Kg3 d4 39. f5 h5 40. f6+ Kh6 41. Kh4 hxg4 42. Kxg4 Rg8+ 43. Kf4 Kh5 44. Be2+ Kh4 45. Bf3 1-0

[Event "OLNO 2324 Mattnetz Berlin - SF Berlin II"]
[Site "?"]
[Date "2024.04.28"]
[Round "9.4"]
[White "Petersen, Marcel"]
[Black "Ahlander, Bjorn"]
[Result "0-1"]
[WhiteElo "2138"]
[BlackElo "2371"]
[PlyCount "56"]
[EventDate "2024.??.??"]

1. e4 c5 2. Nf3 e6 3. g3 d5 4. exd5 exd5 5. d4 cxd4 6. Nxd4 Nc6 7. Bg2 Bc5 8. Nb3 Bb6 9. O-O Nf6 10. Nc3 d4 11. Na4 O-O 12. Nxb6 axb6 13. c3 Bg4 14. f3 Be6 15. cxd4 Re8 16. Kh1 Bc4 17. Rg1 Qd5 18. Nd2 Be2 19. Qb3 Nxd4 20. Qxd5 Nxd5 21. a3 Rac8 22. f4 Ne3 23. h3 Nxg2 24. Kxg2 Bd3 25. g4 Nc2 26. Ra2 Ne1+ 27. Kf2 Re2+ 28. Kg3 Rxc1 0-1

[Event "OLNO 2324 Mattnetz Berlin - SF Berlin II"]
[Site "?"]
[Date "2024.04.28"]
[Round "9.5"]
[White "Thiede, Lars"]
[Black "Fartmann, Oliver"]
[Result "0-1"]
[WhiteElo "2381"]
[BlackElo "2085"]
[PlyCount "168"]
[EventDate "2024.??.??"]

1. c4 Nf6 2. Nf3 g6 3. g3 Bg7 4. Bg2 O-O 5. O-O c5 6. d4 d6 7. d5 b5 8. cxb5 a6 9. b6 Nbd7 10. Nc3 a5 11. e4 Ba6 12. Re1 Ng4 13. Bf1 Qxb6 14. Na4 Qa7 15. Bxa6 Qxa6 16. Bd2 Rab8 17. Rb1 Nb6 18. h3 Ne5 19. Nxe5 Bxe5 20. Bc3 Bf6 21. e5 Bg7 22. exd6 exd6 23. Bxg7 Kxg7 24. Nxb6 Rxb6 25. Qf3 a4 26. Qc3+ Kg8 27. Re7 Qa8 28. Rd1 Re8 29. Rde1 Rxe7 30. Rxe7 Rb7 31. Re4 Rb8 32. Qd2 Re8 33. Rxe8+ Qxe8 34. h4 Qe4 35. a3 h5 36. Kh2 Kg7 37. Qc3+ Qd4 38. Qc2 Qxd5 39. Qxa4 Qd2 40. Kg2 Qxb2 41. Qa6 d5 42. Qd6 Qd4 43. a4 c4 44. a5 c3 45. a6 c2 46. Qc7 Qe4+ 47. Kh2 Qe2 48. Kg2 Qc4 49. Qxc4 dxc4 50. a7 c1=Q 51. a8=Q Qe1 52. Qd5 c3 53. Qd4+ Kh7 54. Qc4 Kg8 55. Qc8+ Kg7 56. Qc4 Qd2 57. Qc5 c2 58. Qe5+ Kh7 59. Qc7 Kg8 60. Qb8+ Kg7 61. Qe5+ Kh7 62. Qc7 Qd5+ 63. Kh2 Qf5 64. Kg2 Kg8 65. Qd8+ Kg7 66. Qc7 Qd5+ 67. Kh2 Qb3 68. Qe5+ Kf8 69. Qh8+ Ke7 70. Qe5+ Kd7 71. Qd4+ Kc6 72. Qd8 Qc4 73. Qe8+ Kc5 74. Qe5+ Kb4 75. Qb2+ Ka4 76. Qa1+ Kb3 77. Qc1 Qc3 78. Qf4 c1=Q 79. Qxf7+ Qc4 80. Qxg6 Qd5 81. Qb6+ Kc2 82. Qc7+ Kd1 83. Qb6 Qc2 84. Qa7 Ke2 0-1

[Event "OLNO 2324 Mattnetz Berlin - SF Berlin II"]
[Site "?"]
[Date "2024.04.28"]
[Round "9.6"]
[White "Schnabel, Bennett"]
[Black "Chatzidakis, Mihail"]
[Result "0-1"]
[WhiteElo "2023"]
[BlackElo "2338"]
[PlyCount "56"]
[EventDate "2024.??.??"]

1. d4 f5 2. c4 Nf6 3. g3 g6 4. Bg2 Bg7 5. Nc3 O-O 6. Nf3 d6 7. O-O e6 8. Qc2 Nc6 9. e4 fxe4 10. Nxe4 Nxe4 11. Qxe4 e5 12. dxe5 dxe5 13. Bg5 Qe8 14. Rad1 Bf5 15. Qd5+ Be6 16. Qe4 Bf5 17. Qd5+ Kh8 18. b3 h6 19. Bc1 Rd8 20. Qc5 Rxd1 21. Rxd1 Bg4 22. Qe3 Qf7 23. Rd3 e4 24. Qxe4 Bf5 25. Qh4 Bxd3 26. Bxh6 Bxh6 27. Qxh6+ Kg8 28. h3 Be4 0-1

[Event "OLNO 2324 Mattnetz Berlin - SF Berlin II"]
[Site "?"]
[Date "2024.04.28"]
[Round "9.7"]
[White "Rudolf, Henrik"]
[Black "Pererva, Viktor"]
[Result "1/2-1/2"]
[WhiteElo "2291"]
[BlackElo "2060"]
[PlyCount "41"]
[EventDate "2024.??.??"]

1. e4 e5 2. Nf3 Nf6 3. d4 Nxe4 4. Bd3 d5 5. Nxe5 Nd7 6. Nxd7 Bxd7 7. O-O Bd6 8. Nc3 Nxc3 9. bxc3 O-O 10. Qh5 f5 11. Re1 c6 12. Bg5 Qc7 13. c4 Be8 14. Qh4 dxc4 15. Bxc4+ Bf7 16. Bd3 g6 17. Re3 Rfe8 18. Rh3 Be6 19. c4 Qf7 20. a4 Be7 21. Bxe7 1/2-1/2

[Event "OLNO 2324 Mattnetz Berlin - SF Berlin II"]
[Site "?"]
[Date "2024.04.28"]
[Round "9.8"]
[White "Verbitsky, Jaroslaw"]
[Black "Nogly, Christoph"]
[Result "1-0"]
[WhiteElo "2012"]
[BlackElo "2224"]
[PlyCount "47"]
[EventDate "2024.??.??"]

1. e4 e5 2. Nf3 Nc6 3. Nc3 Nf6 4. d4 exd4 5. Nxd4 Bb4 6. Nxc6 bxc6 7. Bd3 d6 8. Bg5 h6 9. Bh4 Qe7 10. O-O Bxc3 11. bxc3 Qe5 12. Bg3 Qc5 13. e5 Nd5 14. exd6 cxd6 15. Re1+ Ne7 16. Ba6 d5 17. Bxc8 Rxc8 18. Qd4 Qxd4 19. cxd4 Kd8 20. Rab1 Nf5 21. Rb7 Nxg3 22. Ree7 Ne2+ 23. Kf1 Ra8 24. Kxe2 1-0

[Event "OLNO 2324 SG Güstrow-Teterow - Forster "]
[Site "?"]
[Date "2024.04.28"]
[Round "9.1"]
[White "Aliavdin, Nikolai"]
[Black "Von Alvensleben, Wolfram"]
[Result "1-0"]
[WhiteElo "2323"]
[BlackElo "2233"]
[PlyCount "55"]
[EventDate "2024.??.??"]

1. e4 c6 2. d4 d5 3. e5 Bf5 4. Nf3 e6 5. Be2 Nd7 6. O-O Ne7 7. c3 c5 8. dxc5 Nxc5 9. Be3 Nc6 10. Nbd2 Be7 11. Nd4 Nxe5 12. Nxf5 exf5 13. Bd4 f6 14. Nb3 Ne6 15. Bf3 Nxd4 16. Nxd4 Qd7 17. Re1 Rd8 18. Be2 Kf7 19. Bb5 Qc8 20. f4 Ng6 21. Kh1 Bc5 22. Rc1 a6 23. Bd3 Ne7 24. Ne6 Rd6 25. Nxg7 Rb6 26. Nxf5 Nxf5 27. Qh5+ Kg7 28. Bxf5 1-0

[Event "OLNO 2324 SG Güstrow-Teterow - Forster "]
[Site "?"]
[Date "2024.04.28"]
[Round "9.2"]
[White "Seiler, Dirk"]
[Black "Kleeschaetzky, Rainer"]
[Result "0-1"]
[WhiteElo "2121"]
[BlackElo "2219"]
[PlyCount "98"]
[EventDate "2024.??.??"]

1. e4 e6 2. d4 d5 3. Nc3 Bb4 4. exd5 exd5 5. Bd3 Nc6 6. a3 Bxc3+ 7. bxc3 Nf6 8. Ne2 O-O 9. O-O Na5 10. Bg5 Qd6 11. Bxf6 Qxf6 12. Ng3 c6 13. Re1 g6 14. Re3 Bd7 15. Qd2 Rae8 16. Rae1 Rxe3 17. Rxe3 Re8 18. Rxe8+ Bxe8 19. Qe3 Bd7 20. h3 b6 21. Qh6 Qe7 22. Nh5 f5 23. Nf4 Qxa3 24. h4 Qe7 25. h5 g5 26. Nh3 g4 27. Nf4 Nc4 28. Bxc4 dxc4 29. d5 cxd5 30. Nxd5 Qe1+ 31. Kh2 Qe5+ 32. Nf4 Kf7 33. Qxh7+ Qg7 34. Qxg7+ Kxg7 35. Kg3 Kh6 36. Nd5 Kg5 37. f4+ gxf3 38. gxf3 Bc6 39. h6 Kxh6 40. Ne7 Bd7 41. Kf4 a5 42. Ke5 a4 43. Nd5 a3 44. Nb4 Ba4 45. Kxf5 Bb3 46. Ke5 a2 47. Nxa2 Bxa2 48. Kd5 Kg5 49. Ke4 Bb1 0-1

[Event "OLNO 2324 SG Güstrow-Teterow - Forster "]
[Site "?"]
[Date "2024.04.28"]
[Round "9.3"]
[White "Jagodzinski, Piotr"]
[Black "Luther, Alexander"]
[Result "1-0"]
[WhiteElo "2176"]
[BlackElo "2061"]
[PlyCount "75"]
[EventDate "2024.??.??"]

1. Nf3 Nf6 2. b3 e6 3. Bb2 b6 4. e3 Be7 5. c4 Bb7 6. Qc2 c5 7. Be2 O-O 8. O-O Nc6 9. a3 Rc8 10. d3 Qc7 11. Nbd2 Rfd8 12. Rad1 Ng4 13. h3 Nge5 14. Nh2 Ng6 15. f4 Nh4 16. e4 Nd4 17. Bxd4 cxd4 18. g3 Ng6 19. Qa2 d5 20. cxd5 exd5 21. e5 Qc2 22. Qa1 Qc3 23. Nhf3 Qxa1 24. Rxa1 Rc2 25. Rfd1 Ba6 26. b4 Rc3 27. Nb1 Rc2 28. Nxd4 Rb2 29. Nc3 b5 30. Bg4 Bb7 31. Ncxb5 a5 32. Rab1 Ra2 33. Nd6 Bxd6 34. exd6 Rxa3 35. bxa5 Ba6 36. Nc6 Ra8 37. d7 Bxd3 38. Rb8+ 1-0

[Event "OLNO 2324 SG Güstrow-Teterow - Forster "]
[Site "?"]
[Date "2024.04.28"]
[Round "9.4"]
[White "Kiel, Bernd"]
[Black "Bielinski, Dariusz"]
[Result "1/2-1/2"]
[WhiteElo "1990"]
[BlackElo "2135"]
[PlyCount "36"]
[EventDate "2024.??.??"]

1. e4 d6 2. d4 g6 3. Bc4 Bg7 4. Nf3 Nf6 5. Qe2 O-O 6. O-O Bg4 7. c3 Nc6 8. Nbd2 e5 9. h3 Bd7 10. dxe5 Nxe5 11. Nxe5 dxe5 12. Nf3 Nh5 13. Rd1 Qe7 14. Bg5 Bf6 15. Bh6 Rfd8 16. Qe3 Bg7 17. Bg5 Nf6 18. Bd5 c6 1/2-1/2

[Event "OLNO 2324 SG Güstrow-Teterow - Forster "]
[Site "?"]
[Date "2024.04.28"]
[Round "9.5"]
[White "Pryvalov, Ivan"]
[Black "Scharf, Christian"]
[Result "1-0"]
[WhiteElo "2073"]
[BlackElo "1829"]
[PlyCount "93"]
[EventDate "2024.??.??"]

1. d4 Nf6 2. Nf3 d5 3. e3 c5 4. c4 cxd4 5. exd4 g6 6. Nc3 Bg7 7. Be3 O-O 8. h3 Nc6 9. a3 a5 10. Rc1 e6 11. c5 Re8 12. Bb5 Bd7 13. O-O Ne4 14. Na4 Ne5 15. Be2 Nxf3+ 16. Bxf3 Bxa4 17. Qxa4 e5 18. dxe5 Bxe5 19. Bxe4 dxe4 20. Rfd1 Qf6 21. c6 bxc6 22. Rxc6 Qg7 23. b4 axb4 24. Qxb4 f5 25. a4 f4 26. Bb6 Bb8 27. Qc4+ Qf7 28. Qxf7+ Kxf7 29. Rd7+ Re7 30. Rxe7+ Kxe7 31. Rc4 e3 32. fxe3 fxe3 33. Bxe3 Kd7 34. Kf1 Ba7 35. Ke2 Re8 36. Rc3 Re4 37. Rd3+ Ke7 38. Ra3 Bc5 39. Kf3 Bxa3 40. Kxe4 Kd6 41. a5 Kc7 42. a6 h5 43. Kd5 Be7 44. Ke6 Bd8 45. Kf7 g5 46. Kg6 g4 47. Bg5 1-0

[Event "OLNO 2324 SG Güstrow-Teterow - Forster "]
[Site "?"]
[Date "2024.04.28"]
[Round "9.6"]
[White "Gebert-Vangeel, Ralf"]
[Black "Szylko, Waldemar"]
[Result "0-1"]
[WhiteElo "1980"]
[BlackElo "1948"]
[PlyCount "72"]
[EventDate "2024.??.??"]

1. e4 c6 2. d4 d5 3. e5 c5 4. Nf3 Bg4 5. Be2 e6 6. O-O Nc6 7. c3 Nh6 8. dxc5 Bxc5 9. Bf4 Qc7 10. Bb5 O-O 11. Bxc6 bxc6 12. h3 Bh5 13. g4 Bg6 14. Bg3 f6 15. Kh2 f5 16. Ng5 f4 17. Bh4 Rae8 18. b4 Bb6 19. Re1 Nf7 20. Nxf7 Rxf7 21. Nd2 c5 22. Nf3 Be4 23. Ng5 Bg6 24. Nxf7 Qxf7 25. f3 c4 26. a4 h5 27. a5 Be3 28. Rxe3 fxe3 29. Qe2 hxg4 30. fxg4 d4 31. cxd4 Qf4+ 32. Kg1 Bd3 33. Qh2 Qxd4 34. Re1 Rf8 35. Bg3 c3 36. Rd1 e2+ 0-1

[Event "OLNO 2324 SG Güstrow-Teterow - Forster "]
[Site "?"]
[Date "2024.04.28"]
[Round "9.7"]
[White "Goldschmidt, Juergen"]
[Black "Dettmann, Gerd"]
[Result "1/2-1/2"]
[WhiteElo "1880"]
[BlackElo "2102"]
[PlyCount "79"]
[EventDate "2024.??.??"]

1. c4 f5 2. Nc3 Nf6 3. g3 g6 4. Bg2 Bg7 5. e3 O-O 6. Nge2 e5 7. O-O Nc6 8. Rb1 d6 9. b4 e4 10. d4 exd3 11. Qxd3 Ne5 12. Qd1 c6 13. c5 dxc5 14. bxc5 Qe7 15. Qb3+ Kh8 16. Nd4 Rd8 17. Ba3 Bf8 18. Rfd1 Qf7 19. Qxf7 Nxf7 20. Nxc6 bxc6 21. Bxc6 Be6 22. Bxa8 Rxa8 23. Rb7 Ne5 24. Rdb1 Ned7 25. Nb5 Bxa2 26. Ra1 Bd5 27. Rc7 Kg8 28. c6 Ne5 29. Bb2 Nf3+ 30. Kf1 Nxh2+ 31. Kg1 Nf3+ 32. Kf1 Nh2+ 33. Kg1 Nf3+ 34. Kf1 Ne4 35. Nxa7 Ned2+ 36. Ke2 Bc4+ 37. Kd1 Bb3+ 38. Ke2 Bc4+ 39. Kd1 Bb3+ 40. Ke2 1/2-1/2

[Event "OLNO 2324 SC Empor Potsdam - SC Weisse D"]
[Site "?"]
[Date "2024.04.28"]
[Round "9.1"]
[White "Buyukasik, Diyap"]
[Black "Tschernatsch, Johannes"]
[Result "0-1"]
[WhiteElo "2228"]
[BlackElo "2332"]
[PlyCount "94"]
[EventDate "2024.??.??"]

1. d4 Nf6 2. Nf3 g6 3. g3 d5 4. Bg2 Bg7 5. O-O O-O 6. c4 c6 7. Nc3 dxc4 8. a4 Na6 9. h3 Nb4 10. a5 Bf5 11. Ne1 b5 12. e4 Bd7 13. Bd2 Rb8 14. Bf4 Rc8 15. Qd2 Ne8 16. Nxb5 cxb5 17. Qxb4 Bxd4 18. Rd1 e5 19. Bh6 Ng7 20. Nf3 Bc5 21. Qc3 f6 22. b3 Rf7 23. bxc4 b4 24. Qa1 Ne6 25. Rd5 Qc7 26. Qb2 Qxa5 27. Be3 Bc6 28. Nxe5 fxe5 29. Rxe5 Bd7 30. Rd1 Qa4 31. Ra1 Qc6 32. Bxc5 Nxc5 33. Rd5 Qb6 34. e5 Be6 35. Rd6 Qb8 36. Ra5 Bxc4 37. Rd4 Nb3 38. Rxc4 Nxa5 39. Rxb4 Qc7 40. Qa2 Kg7 41. e6 Rf5 42. Re4 Re8 43. g4 Rc5 44. Re1 Nc4 45. h4 Ne5 46. Qa1 Kg8 47. g5 Nd3 0-1

[Event "OLNO 2324 SC Empor Potsdam - SC Weisse D"]
[Site "?"]
[Date "2024.04.28"]
[Round "9.2"]
[White "Penzold, Andreas"]
[Black "Moeller, Hendrik"]
[Result "1/2-1/2"]
[WhiteElo "2353"]
[BlackElo "2236"]
[PlyCount "95"]
[EventDate "2024.??.??"]

1. Nf3 d5 2. g3 c5 3. Bg2 Nc6 4. O-O Nf6 5. d4 e6 6. c4 Be7 7. cxd5 exd5 8. dxc5 Bxc5 9. Bg5 O-O 10. Nc3 d4 11. Bxf6 Qxf6 12. Ne4 Qe7 13. Nxc5 Qxc5 14. Rc1 Qb6 15. Qc2 h6 16. Rfd1 Be6 17. b3 Rad8 18. Rd2 Rd6 19. Qc5 Qd8 20. Ne5 Bd5 21. Nxc6 Rxc6 22. Qa3 Bxg2 23. Kxg2 Qd5+ 24. Kg1 Rxc1+ 25. Qxc1 Rd8 26. Qd1 Qe4 27. Qc2 Qxc2 28. Rxc2 Rd7 29. Rc8+ Kh7 30. Kf1 Kg6 31. Ke1 Kf5 32. Kd2 Kg4 33. h4 Kh3 34. Rc5 g6 35. Ke1 Kg2 36. Rc2 h5 37. Rd2 Rd6 38. Rd3 f5 39. e3 dxe3 40. Rxe3 b5 41. a3 Rc6 42. b4 Rc1+ 43. Kd2 Kxf2 44. Re2+ Kf3 45. Re3+ Kf2 46. Re2+ Kf3 47. Re3+ Kf2 48. Re2+ 1/2-1/2

[Event "OLNO 2324 SC Empor Potsdam - SC Weisse D"]
[Site "?"]
[Date "2024.04.28"]
[Round "9.3"]
[White "Waldmann, Hans-Joachim"]
[Black "Trenner, Rolf"]
[Result "1/2-1/2"]
[WhiteElo "2273"]
[BlackElo "2134"]
[PlyCount "102"]
[EventDate "2024.??.??"]

1. d4 Nf6 2. Nf3 d5 3. c4 c6 4. e3 Bg4 5. h3 Bxf3 6. Qxf3 Nbd7 7. Nc3 e6 8. Bd3 Be7 9. O-O dxc4 10. Bxc4 O-O 11. Rd1 Qc7 12. e4 e5 13. d5 Rad8 14. Bb3 Nb6 15. Be3 Rd7 16. Rac1 Rfd8 17. g4 h6 18. h4 Nh7 19. d6 Rxd6 20. Qxf7+ Kh8 21. Bxb6 axb6 22. Nd5 Qd7 23. Ne3 Bxh4 24. Rxd6 Qxd6 25. Rd1 Qf6 26. Rxd8+ Qxd8 27. Nf5 Bf6 28. Qxb7 c5 29. Kg2 Ng5 30. Bd5 Kh7 31. b3 Kh8 32. a4 Nh7 33. Qf7 Ng5 34. Qg6 Qf8 35. Kf1 Nh7 36. Ke2 Qb8 37. Bc4 Qd8 38. Qf7 Ng5 39. Qb7 Kh7 40. Bd5 Nh3 41. Qf7 Ng5 42. Qa7 Nh3 43. Qb7 Kg6 44. Qf7+ Kh7 45. Ne3 Qb8 46. Qd7 Bh4 47. Nf5 Bf6 48. Nd6 Nf4+ 49. Kf3 Qf8 50. Kg3 Nxd5 51. exd5 Bh4+ 1/2-1/2

[Event "OLNO 2324 SC Empor Potsdam - SC Weisse D"]
[Site "?"]
[Date "2024.04.28"]
[Round "9.4"]
[White "Jaeger, Uwe"]
[Black "Bashtavy, Anton"]
[Result "1/2-1/2"]
[WhiteElo "2217"]
[BlackElo "2024"]
[PlyCount "29"]
[EventDate "2024.??.??"]

1. e4 Nf6 2. Nc3 d5 3. exd5 Nxd5 4. Bc4 c6 5. d4 g6 6. Qf3 Be6 7. Nge2 Bg7 8. Ne4 Nf4 9. Bxe6 Nxe6 10. c3 Nd7 11. Ng5 Nxg5 12. Bxg5 h6 13. Be3 Nb6 14. O-O O-O 15. Qh3 1/2-1/2

[Event "OLNO 2324 SC Empor Potsdam - SC Weisse D"]
[Site "?"]
[Date "2024.04.28"]
[Round "9.5"]
[White "Zhou, Lepu Coco"]
[Black "Bachmann, Volker"]
[Result "1-0"]
[WhiteElo "1968"]
[BlackElo "2064"]
[PlyCount "59"]
[EventDate "2024.??.??"]

1. e4 e6 2. d4 d5 3. e5 c5 4. c3 Nc6 5. Nf3 Qb6 6. Bd3 cxd4 7. O-O Bd7 8. Re1 Nge7 9. h4 g6 10. Nbd2 dxc3 11. bxc3 Bg7 12. Ba3 Qd8 13. Rb1 b6 14. c4 O-O 15. h5 Re8 16. Nf1 dxc4 17. Bxc4 Na5 18. Bd3 Nd5 19. Qd2 Rc8 20. Rbc1 Rxc1 21. Rxc1 Qa8 22. Be4 Bc6 23. N1h2 Ne7 24. Rxc6 Nexc6 25. Ng4 Qd8 26. Nh6+ Bxh6 27. Qxh6 Qd1+ 28. Kh2 Nd4 29. hxg6 Nxf3+ 30. Bxf3 1-0

[Event "OLNO 2324 SC Empor Potsdam - SC Weisse D"]
[Site "?"]
[Date "2024.04.28"]
[Round "9.6"]
[White "Piersig, Hans-Juergen"]
[Black "Uhl, Heinz"]
[Result "1/2-1/2"]
[WhiteElo "2083"]
[BlackElo "2115"]
[PlyCount "72"]
[EventDate "2024.??.??"]

1. e4 c5 2. Nf3 d6 3. d4 cxd4 4. Nxd4 Nf6 5. Nc3 g6 6. Be3 Bg7 7. f3 O-O 8. Qd2 Nc6 9. O-O-O d5 10. exd5 Nxd5 11. Nxc6 bxc6 12. Bd4 e5 13. Bc5 Be6 14. Ne4 Rb8 15. c4 Nb6 16. Qc2 Qc8 17. Be2 Qa6 18. b3 Bh6+ 19. Kb1 Bxc4 20. Bxf8 Bxf8 21. Bxc4 Nxc4 22. Qd3 f5 23. Nf6+ Kh8 24. Nd7 e4 25. fxe4 fxe4 26. Qd4+ Kg8 27. Nxf8 Na3+ 28. Kc1 Rxf8 29. Rhe1 Nb5 30. Qc4+ Kg7 31. a4 Rf2 32. Rd2 Rxd2 33. Kxd2 Qa5+ 34. Ke2 Nc3+ 35. Kf1 Qe5 36. Kg1 e3 1/2-1/2